The complete laboratory manual for electricity
Guardat en:
| Autor principal: | |
|---|---|
| Format: | Llibre |
| Idioma: | Undetermined |
| Publicat: |
Victoria, Australia
Thomson Delmar Learning
2005
|
| Matèries: | |
| Etiquetes: |
Afegir etiqueta
Sense etiquetes, Sigues el primer a etiquetar aquest registre!
|
| Thư viện lưu trữ: | Trung tâm Học liệu Trường Đại học Cần Thơ |
|---|
| LEADER | 00580nam a2200205Ia 4500 | ||
|---|---|---|---|
| 001 | CTU_104959 | ||
| 008 | 210402s9999 xx 000 0 und d | ||
| 020 | |c 753342 | ||
| 082 | |a 621.3 | ||
| 082 | |b H551 | ||
| 100 | |a Herman, Stephen L. | ||
| 245 | 4 | |a The complete laboratory manual for electricity | |
| 245 | 0 | |c Stephen L. Herman | |
| 260 | |a Victoria, Australia | ||
| 260 | |b Thomson Delmar Learning | ||
| 260 | |c 2005 | ||
| 650 | |a Electric engineering | ||
| 650 | |x Laboratory, manuals, etc. | ||
| 904 | |i Minh | ||
| 980 | |a Trung tâm Học liệu Trường Đại học Cần Thơ | ||